000 00618nam a22002057a 4500
003 0
005 20240522134011.0
008 240522b xxu||||| |||| 00| 0 eng d
020 _a978-0-593-56914-6
050 _aER
_bCoo773 2023
082 _aER
_bCoo773 2023
100 _aArmand, Glenda
245 _aCooking with the birthday bird
_cGlenda Armand
260 _aNew York
_bPenguin Random House, LLC
_c2023
300 _a31 pages :
_bcolored illustrations ;
_c23cm.
500 _aBased on Dr. Seuss's happy birthday to you.
650 _aCooking--Fiction.
650 _aBirthday-Fiction.
942 _2ddc
_cBK
999 _c365980
_d365980